000
00356nam a2200157 a 4500
001
4140
003
MO
005
20170315111351.0
008
090218s19uu xx 00 eng d
050
_a
TR
_b
R79 1999
100
_a
Rowling, J. K.
245
_a
Harry Potter and the chamber of secrets.
942
_2
ddc
_c
BK
999
_c
110970
_d
110970